书目信息 |
| 题名: |
空间经济学教程
|
|
| 作者: | 安虎森 主编 | |
| 分册: | ||
| 出版信息: | 北京 经济科学出版社 2006 |
|
| 页数: | 348 | |
| 开本: | 24cm | |
| 丛书名: | ||
| 单 册: | ||
| 中图分类: | F207 | |
| 科图分类: | ||
| 主题词: | 国民经济--经济管理 | |
| 电子资源: | ||
| ISBN: | 7-5058-5996-X | |
| 000 | 00527nam0 2200181 450 | |
| 001 | 0760515518 | |
| 005 | 20070817164835.51 | |
| 010 | @a7-5058-5996-X@d¥29.00 | |
| 100 | @a20070817d km y0chiy0120 ea | |
| 101 | 0 | @achi |
| 200 | 1 | @a空间经济学教程@Akong jian jing ji xue jiao cheng@f安虎森主编@Fan hu sen zhu bian |
| 210 | @a北京@c经济科学出版社@d2006 | |
| 215 | @a348@d24cm | |
| 606 | 0 | @a国民经济@x经济管理 |
| 690 | @aF207@v3 | |
| 701 | 0 | @a安虎森@Aan hu sen@4主编 |
| 801 | 0 | @aCN@bPFT@c20070817 |
| 905 | @a213230@dF207@eg47@f1 | |
| 空间经济学教程/安虎森主编.-北京:经济科学出版社,2006 |
| 348;24cm |
| ISBN 7-5058-5996-X:¥29.00 |
| ● |
| 相关链接 |
|
|
|
|
正题名:空间经济学教程
索取号:F207/g47
 
预约/预借
| 序号 | 登录号 | 条形码 | 馆藏地/架位号 | 状态 | 备注 |
| 1 | 6502822 | 265028221 | 密集书库-海洋学院/ [索取号:F207/g47] | 在馆 | |
| 2 | 6502823 | 265028230 | 密集书库-海洋学院/ [索取号:F207/g47] | 在馆 |